Najlepsi strzelcy AC Milanu - Statystyki

Ogólne statystyki
  • Ten quiz został rozwiązany 121 razy
  • Średni wynik to 3 z 10
Statystyki odpowiedzi
Hint Odpowiedź % Poprawnych
126 Filippo Inzaghi
79%
104 Kaká
66%
125 Marco van Basten
58%
173 Andriy Shevchenko
53%
214 Gunnar Nordahl
22%
163 Gianni Rivera
11%
130 Aldo Boffi
5%
150 José Altafini
4%
101 Pierino Prati
4%
105 Giuseppe Santagostino
3%
Nie znaleziono quizów pasujących do podanych kryteriów
Rozkład punktacji
Procent ludzi z każdym wynikiem
Percentyl według liczby udzielonych odpowiedzi
Twoja historia wyników
Nie rozwiązałeś tego quizu